Statistics for Nether Mobs and Items

Click here to take the quiz!

General Stats

  • This quiz has been taken 4 times
  • The average score is 29 of 125

Answer Stats

CategoryAnswer% Correct
mobsblaze
100%
mobsghast
100%
mobswither skeleton
100%
lootblaze rod
50%
lootbone
50%
blocksbone block
50%
blockschest
50%
lootcrossbow
50%
lootdiamond
50%
lootdiamond chestplate
50%
mobsenderman
50%
blocksgold block
50%
lootgolden axe
50%
lootgolden sword
50%
mobshoglin
50%
lootmagma cream
50%
mobsmagma cube
50%
lootnetherite ingot
50%
lootnetherite scrap
50%
blocksnetherrack
50%
blocksobsidian
50%
mobspiglin
50%
mobspiglin brute
50%
mobsskeleton
50%
blockssoul sand
50%
mobsstrider
50%
lootstring
50%
lootwither skeleton skull
50%
blocksancient debris
25%
lootarrow
25%
blocksbasalt
25%
blocksBedrock
25%
blocksblackstone
25%
lootbow
25%
blockscrimson stem
25%
blockscrying obsidian
25%
lootdiamond axe
25%
lootdiamond boots
25%
lootdiamond helmet
25%
lootdiamond hoe
25%
lootdiamond horse armor
25%
lootdiamond pickaxe
25%
lootdiamond shovel
25%
lootdiamond sword
25%
lootenderpearl
25%
blocksfire
25%
lootghast tear
25%
blocksgilded blackstone
25%
blocksglowstone
25%
foodgolden apple
25%
lootgolden boots
25%
foodgolden carrot
25%
lootgolden chestplate
25%
lootgolden helmet
25%
lootgolden hoe
25%
lootgolden leggings
25%
lootgolden pickaxe
25%
lootgolden shovel
25%
lootgold horse armor
25%
lootgold ingot
25%
lootgold nugget
25%
lootiron horse armor
25%
lootiron ingot
25%
lootiron nugget
25%
lootiron pickaxe
25%
lootiron sword
25%
blockslava
25%
lootleather
25%
blocksnether brick fence
25%
blocksnether bricks
25%
blocksnether gold ore
25%
blocksnether quartz ore
25%
blocksnether wart
25%
blocksnether wart block
25%
blockspolished basalt
25%
blockspolished blackstone
25%
lootsaddle
25%
blocksspawner
25%
lootstone sword
25%
blockswarped fungus
25%
blockswarped stem
25%
mobszombified piglin
25%
blocksbrown mushroom
0%
blockschains
0%
blockschiseled blackstone
0%
lootcoal
0%
foodcooked porkchop
0%
blockscracked polished blackstone bricks
0%
blockscrimson fungus
0%
blockscrimson nylium
0%
blockscrimson roots
0%
lootdiamond leggings
0%
foodenchanted apple
0%
lootenchanted book
0%
lootfire charge
0%
lootflint and steel
0%
lootglistening melon
0%
blocksgravel
0%
lootgunpowder
0%
blocksiron bars
0%
lootiron block
0%
lootiron boots
0%
blockslantern
0%
lootlodestone
0%
blocksmagma block
0%
foodmushroom stew
0%
blocksnether sprouts
0%
blockspolished blackstone bricks
0%
blockspolished blackstone brick slab
0%
blockspolished blackstone brick stairs
0%
blockspolished blackstone brick wall
0%
blocksquartz slabs
0%
foodraw porkchop
0%
blocksred mushroom
0%
foodrotten flesh
0%
blocksshroomlight
0%
blockssoul fire
0%
blockssoul soil
0%
lootsoul torch
0%
blockstwisting vine
0%
blockswarped nylium
0%
blockswarped roots
0%
blockswarped wart block
0%
blocksweeping vine
0%

Score Distribution

Percentile by Number Answered

Percent of People with Each Score

Your Score History

You have not taken this quiz